000 01354nam a2200277Ia 4500
999 _c51625
_d51625
001 18616
003 GE_BSU
005 20211115141927.0
008 181216s||||||||xx |||||||||||||| ||und||
020 _a9789941131639
040 _cGE_BSU
041 _ageo
080 _a349.6((075.8) უ-62
100 _aურუშაძე, თენგიზ
_912921
245 _aეკოლოგიური სამართალი /
_cთენგიზ ურუშაძე, ვალერი ლორია; რედ.: პაატა ტურავა, ლია მაჭავარიანი ; ივანე ჯავახიშვილის სახ. თბილისის სახელმწ. უნ-ტი.
250 _aმე-4 გამოცემა
264 _aთბილისი :
_bუნ-ტის გამ-ბა,
_c2010.
300 _a309 გვ;
_b22 სმ.
504 _aბიბლიოგრ.: გვ. 310-311
653 _aეკოლოგიური სამართალი
700 _aლორია, ვალერი
_eავტორი
_912576
700 _aტურავა, პაატა
_eრედაქტორი
_912922
700 _aმაჭავარიანი, ლია
_eრედაქტორი
_96752
710 _aთსუ
_912923
942 _cBK
_2udc